000 00770cab a2200277 4500
001 ABS55717
008 090401t1996 xxu||||| |||| 00| 0 eng d
035 _a(Sirsi) u18277
041 _aeng
245 _aWoolf unwrapped
260 _c1996
350 _a0
490 _aLaw Society`s Gazette
_v(93/92) 2 August 1996, 18-24(7)
520 _aSummarises the main provisions of Lord Woolf`s "Access to justice" report with comments from legal experts on the proposals.
650 _aCIVIL JUSTICE
650 _aCOSTS
650 _aFAST TRACK
650 _aHOUSING LAW
650 _aJUDICIAL REVIEW
650 _aMULTI-TRACK CASES
650 _aOUT OF COURT SETTLEMENT
650 _aWOOLF REPORT
690 _aLAW
942 _n0
948 _c04/03/1997
999 _c12133
_d12133